Synthetische Bilanz und Controlling.
Koncept merania úspechu na báze rozpočtu kapitálu ako modifikácia "ekonomického zisku" s cieľom manažmentu dosiahnuť cez rozpočet kapitálu stálu rentabilitu vlastného kapitálu. Kalkul syntentickej bilancie. Rozpočet financovania a investícií. Bilancie a úspechy plánu. Deľba periód Cash-Flow. Bilančn...
Salvato in:
| Autore principale: | |
|---|---|
| Natura: | Capitolo di libro |
| Lingua: | tedesco |
| Soggetti: | |
| Tags: |
Nessun Tag, puoi essere il primo ad aggiungerne!!
|
MARC
| LEADER | 00000naa a2200000 4500 | ||
|---|---|---|---|
| 001 | r010425 | ||
| 005 | 20221130113413.1 | ||
| 041 | 0 | |a ger | |
| 044 | |a DE | ||
| 245 | 1 | 0 | |a Synthetische Bilanz und Controlling. |c A. Luhmer |
| 520 | |a Koncept merania úspechu na báze rozpočtu kapitálu ako modifikácia "ekonomického zisku" s cieľom manažmentu dosiahnuť cez rozpočet kapitálu stálu rentabilitu vlastného kapitálu. Kalkul syntentickej bilancie. Rozpočet financovania a investícií. Bilancie a úspechy plánu. Deľba periód Cash-Flow. Bilančné odpisy a zisky v jednotlivých periódach. Kalkul kontroly. Prípad pozitívnej a negatívnej odchýlky. Zapisovanie rozpočtových položiek v cykloch. | ||
| 610 | 2 | 0 | |a koncepcie |
| 610 | 2 | 0 | |a kontroling |
| 610 | 2 | 0 | |a financovanie |
| 610 | 2 | 0 | |a investície |
| 610 | 2 | 0 | |a cash flow |
| 610 | 2 | 0 | |a bilancie |
| 610 | 2 | 0 | |a manažment |
| 610 | 2 | 0 | |a rentabilita |
| 610 | 2 | 0 | |a kapitál |
| 610 | 2 | 0 | |a odpisy |
| 610 | 2 | 0 | |a zisk |
| 100 | 1 | |a Luhmer, A. | |